[Event "N1 Reykjavik Open 2014"]
[Site "Reykjavik ISL"]
[Date "2014.03.12"]
[Round "10.19"]
[White "Colovic, Aleksandar"]
[Black "Arngrimsson, Dagur"]
[Result "1-0"]
[WhiteTitle "GM"]
[BlackTitle "IM"]
[WhiteElo "2493"]
[BlackElo "2382"]
[WhiteFideId "15000729"]
[BlackFideId "2301288"]
[EventDate "2014.03.04"]

1. d4 d5 2. c4 c6 3. cxd5 cxd5 4. Bf4 Nc6 5. e3 Nf6 6. Nc3 Bg4 7. f3 Bf5 8. g4
Be6 9. Bd3 g6 10. Nge2 Bg7 11. Bg3 O-O 12. h4 h5 13. Nf4 Bxg4 14. fxg4 Nxg4 15.
Qd2 e5 16. dxe5 Ncxe5 17. O-O-O Rc8 18. Be2 Qa5 19. Kb1 Nc4 20. Bxc4 dxc4 21.
Nfd5 Rfe8 22. Bd6 Kh7 23. Rhf1 f5 24. e4 Qd8 25. Bf4 fxe4 26. Bg5 Qd7 27. Nf6+
Nxf6 28. Qxd7 Nxd7 29. Rxd7 Kg8 30. Rff7 Bh8 31. Nd5 Rf8 32. Rxf8+ Rxf8 33. Rxb7
Rf1+ 34. Kc2 Rf2+ 35. Kc1 Rf1+ 36. Kd2 Rf2+ 37. Ke3 Rxb2 38. Rxa7 c3 39. Ra8+
Kh7 40. Nf6+ Bxf6 41. Bxf6 g5 42. hxg5 Rg2 43. g6+ 1-0

[Event "N1 Reykjavik Open 2014"]
[Site "Reykjavik ISL"]
[Date "2014.03.12"]
[Round "10.20"]
[White "Hamitevici, Vladimir"]
[Black "Ptacnikova, Lenka"]
[Result "1-0"]
[WhiteTitle "IM"]
[BlackTitle "WGM"]
[WhiteElo "2456"]
[BlackElo "2239"]
[WhiteFideId "13902393"]
[BlackFideId "305650"]
[EventDate "2014.03.04"]

1. e4 e5 2. Nf3 Nf6 3. Nxe5 d6 4. Nf3 Nxe4 5. d4 d5 6. Bd3 Be7 7. O-O O-O 8. c4
c6 9. Re1 Nf6 10. Qb3 Nbd7 11. Ne5 Nxe5 12. dxe5 Nd7 13. cxd5 cxd5 14. Qc2 h6
15. f4 Nc5 16. f5 Nxd3 17. Qxd3 Re8 18. Be3 Bb4 19. Bd2 Bxd2 20. Nxd2 Qg5 21. f6
Rxe5 22. Nf3 Rxe1+ 23. Rxe1 Bf5 24. Qxd5 Qxf6 25. Qxb7 Rc8 26. Re2 a6 27. a3 g5
28. Qe7 Rc1+ 29. Kf2 Qxe7 30. Rxe7 Bd3 31. Rd7 Rc2+ 32. Kg3 Bb5 33. Rd2 Rc1 34.
h4 gxh4+ 35. Nxh4 Rc5 36. Nf3 Kg7 37. Kf4 Rc4+ 38. Nd4 Bd7 39. Ke5 Bc8 40. Rd3
Rc5+ 41. Kd6 Rg5 42. g3 h5 43. b4 Bh3 44. Nb3 Bf1 45. Rf3 Be2 46. Re3 Bc4 47.
Nc5 Rg6+ 48. Ke7 Rg4 49. Ne4 Rg6 50. Nc5 Rg4 51. Nb7 h4 52. gxh4 f5 53. Nd6 f4
54. Re5 Bd3 55. Rd5 Rg3 56. Nf5+ Bxf5 57. Rxf5 Rxa3 58. Rxf4 Ra4 59. Rg4+ Kh6
60. Kf7 Ra1 61. Rd4 Ra4 62. Rc4 Ra1 63. Ke7 Ra4 64. Kd7 Kg6 65. Kc7 Kh6 66. Kb6
Kg6 67. Rd4 Kh6 68. Kc5 Kg6 69. Rc4 Kh5 70. Rd4 Kg6 71. Rd5 a5 72. h5+ Kh6 73.
b5 Ra1 74. b6 a4 75. Kb5 a3 76. Ka6 Rb1 77. Ra5 1-0

[Event "N1 Reykjavik Open 2014"]
[Site "Reykjavik ISL"]
[Date "2014.03.12"]
[Round "10.21"]
[White "Antal, Tibor Kende"]
[Black "Elsness, Frode"]
[Result "1/2-1/2"]
[WhiteTitle "FM"]
[BlackTitle "IM"]
[WhiteElo "2325"]
[BlackElo "2479"]
[WhiteFideId "738581"]
[BlackFideId "1501100"]
[EventDate "2014.03.04"]

1. e4 e5 2. Nf3 Nc6 3. Bb5 a6 4. Ba4 Nf6 5. O-O Be7 6. Re1 b5 7. Bb3 d6 8. c3
O-O 9. h3 Nb8 10. d4 Nbd7 11. Nbd2 Bb7 12. Bc2 Re8 13. Nf1 Bf8 14. Ng3 g6 15. a4
c5 16. d5 c4 17. Bg5 Be7 18. Be3 Qc7 19. Qd2 Nc5 20. axb5 axb5 21. Rxa8 Rxa8 22.
Nh2 Bf8 23. Ng4 Nxg4 24. hxg4 Be7 25. g5 Ra2 26. Bb1 Ra1 27. Bc2 1/2-1/2

[Event "N1 Reykjavik Open 2014"]
[Site "Reykjavik ISL"]
[Date "2014.03.12"]
[Round "10.22"]
[White "Galego, Luis"]
[Black "Englert, Fabian"]
[Result "1/2-1/2"]
[WhiteTitle "GM"]
[BlackTitle "FM"]
[WhiteElo "2463"]
[BlackElo "2317"]
[WhiteFideId "1900072"]
[BlackFideId "24614467"]
[EventDate "2014.03.04"]

1. e4 c5 2. Nf3 e6 3. Nc3 a6 4. g3 b5 5. Bg2 Bb7 6. d3 d6 7. O-O Nf6 8. a3 Be7
9. Ng5 h6 10. Nh3 Qc7 11. f4 O-O 12. g4 b4 13. axb4 cxb4 14. Na4 Nfd7 15. Be3
Nc6 16. g5 hxg5 17. Nxg5 Bxg5 18. fxg5 Ne7 19. Bf4 e5 20. Bg3 Nc5 21. Nxc5 Qxc5+
22. Kh1 a5 23. c3 bxc3 24. Rc1 Qe3 25. Rxc3 Qxg5 26. Rc7 Bc8 27. d4 Ng6 28. Qf3
Ba6 29. Rf2 Rac8 30. Rxc8 Bxc8 31. Qa3 Ba6 32. h3 Nh4 33. dxe5 dxe5 34. Bxh4
Qxh4 35. Rf5 Qe1+ 36. Kh2 Qb4 37. Rxe5 Qb8 38. Qg3 Qxb2 39. Rxa5 1/2-1/2

[Event "N1 Reykjavik Open 2014"]
[Site "Reykjavik ISL"]
[Date "2014.03.12"]
[Round "10.25"]
[White "Browne, Walter S."]
[Black "Ragnarsson, Dagur"]
[Result "1-0"]
[WhiteTitle "GM"]
[WhiteElo "2444"]
[BlackElo "2105"]
[WhiteFideId "2000210"]
[BlackFideId "2304058"]
[EventDate "2014.03.04"]

1. e4 e6 2. d4 d5 3. Nd2 Be7 4. Ngf3 c5 5. dxc5 Nf6 6. exd5 Qxd5 7. Bc4 Qxc5 8.
O-O O-O 9. Qe2 Nc6 10. Ne4 Nd4 11. Nxd4 Qxd4 12. Ng5 h6 13. Rd1 Qb6 14. Nf3 Bd7
15. Ne5 Rfd8 16. Rd3 Be8 17. Rg3 Kh8 18. c3 Rac8 19. Bf4 a5 20. Re1 Qc5 21. Bd3
b5 22. Bb1 b4 23. Qc2 bxc3 24. bxc3 Rd5 25. Rf3 Kg8 26. h3 Qb5 27. c4 Qb4 28.
Qe2 Rd4 29. Be3 Rdd8 30. Rg3 Kh8 31. Rf1 Bd6 32. f4 Bc5 33. Kh2 Bxe3 34. Qxe3
Qd2 35. Qa7 Kg8 36. Qe7 Nh5 37. Rgf3 Rd4 38. Bg6 Rxf4 39. Bxh5 Rxf3 40. Rxf3 Qg5
41. Bxf7+ Bxf7 42. Qxf7+ Kh7 43. Qxe6 1-0

[Event "N1 Reykjavik Open 2014"]
[Site "Reykjavik ISL"]
[Date "2014.03.12"]
[Round "10.26"]
[White "Kristjansson, Stefan"]
[Black "Grant, Jonathan I M"]
[Result "1-0"]
[WhiteTitle "GM"]
[WhiteElo "2503"]
[BlackElo "2255"]
[WhiteFideId "2301172"]
[BlackFideId "2400294"]
[EventDate "2014.03.04"]

1. e4 c6 2. d4 d5 3. Nc3 dxe4 4. Nxe4 Bf5 5. Ng3 Bg6 6. h4 h6 7. Nf3 Nd7 8. h5
Bh7 9. Bd3 Bxd3 10. Qxd3 e6 11. Bd2 Ngf6 12. O-O-O Be7 13. Nf1 c5 14. Ne3 cxd4
15. Qxd4 Bc5 16. Qf4 Rc8 17. Bc3 Qc7 18. Qh4 Bxe3+ 19. fxe3 Nc5 20. Rd4 Nd5 21.
Rxd5 exd5 22. Qg4 Ne6 23. Nd4 Qc4 24. Rd1 O-O 25. Qg3 Ng5 26. Nf5 Rfe8 27. Kb1
d4 28. exd4 Qd5 29. Rf1 Re2 30. Rf2 Rxf2 31. Ne7+ Kh8 32. Nxd5 Rf1+ 33. Be1 Re8
34. Ne3 Ne4 35. Qh4 Nf6 36. Nxf1 1-0

[Event "N1 Reykjavik Open 2014"]
[Site "Reykjavik ISL"]
[Date "2014.03.12"]
[Round "10.27"]
[White "Shoker, Samy"]
[Black "Wunnink, Michael"]
[Result "1-0"]
[WhiteTitle "IM"]
[WhiteElo "2466"]
[BlackElo "2251"]
[WhiteFideId "627143"]
[BlackFideId "1005448"]
[EventDate "2014.03.04"]

1. c4 Nf6 2. g3 e5 3. Bg2 h6 4. a3 c6 5. d4 exd4 6. Qxd4 d5 7. Nf3 Be6 8. cxd5
cxd5 9. O-O Be7 10. Qa4+ Nc6 11. Ne5 Qc8 12. Nc3 O-O 13. Nxc6 bxc6 14. Rd1 Nd7
15. Qc2 Ne5 16. Bf4 Bf6 17. Rac1 Bf5 18. Qb3 Qa6 19. Qa4 Qxa4 20. Nxa4 Nc4 21.
b3 Na5 22. b4 Nc4 23. e4 Bg4 24. Rd3 Be2 25. Rb3 g5 26. Re1 Bg4 27. Bc1 Rfe8 28.
h3 Bf5 29. Rf3 Nd6 30. g4 Bxe4 31. Rxf6 Bxg2 32. Rxe8+ Nxe8 33. Rxh6 Bf3 34.
Bxg5 d4 35. Nc5 Kg7 36. Rh5 f6 37. Bd2 Nc7 38. Rf5 Be2 39. Bf4 Nd5 40. Bd2 Re8
41. Nb3 d3 42. Nd4 Nb6 43. Rc5 Re4 44. Nf5+ Kh7 45. Nd6 Re6 46. Rxc6 Nd5 47. b5
Bf3 48. Nc4 Re2 49. Rd6 Be4 50. a4 Nb6 51. Nxb6 Rxd2 52. Nc4 Rd1+ 53. Kh2 Rc1
54. Rd7+ Kg6 55. Nd2 f5 56. Kg3 Rc2 57. Nf1 Kf6 58. f3 Rc1 59. Ne3 1-0

[Event "N1 Reykjavik Open 2014"]
[Site "Reykjavik ISL"]
[Date "2014.03.12"]
[Round "10.28"]
[White "Norowitz, Yaacov"]
[Black "Kernazhitsky, Leonid"]
[Result "1/2-1/2"]
[WhiteTitle "IM"]
[BlackTitle "IM"]
[WhiteElo "2430"]
[BlackElo "2249"]
[WhiteFideId "2024799"]
[BlackFideId "14102102"]
[EventDate "2014.03.04"]

1. d4 d5 2. c4 dxc4 3. Nf3 a6 4. a4 Nf6 5. e3 Bg4 6. Bxc4 e6 7. O-O c5 8. Nc3
Nc6 9. d5 Ne5 10. Ba2 exd5 11. Nxd5 Bd6 12. e4 Nxd5 13. Qxd5 Bxf3 14. gxf3 Nxf3+
15. Kg2 Qf6 16. Qh5 Nh4+ 17. Kh1 Qf3+ 18. Qxf3 Nxf3 19. Bd5 O-O-O 20. Ra3 Nd4
21. Bxf7 Rhf8 22. Bd5 Kb8 23. Rh3 h6 24. f4 Ne2 25. f5 Nxc1 26. Rxc1 b6 27. Rd3
Be5 28. Rb3 Ka7 29. Rc2 Rc8 30. Rg2 Rc7 31. Rd3 c4 32. Rd1 b5 33. axb5 axb5 34.
Rc2 Kb6 35. Kg2 Ra7 36. b3 c3 37. b4 Ra4 38. Rd3 Rxb4 39. Rdxc3 Bxc3 40. Rxc3
Rf6 41. Rg3 Rb2+ 42. Kh3 Kc5 43. Rxg7 Ra6 44. Rg6 Ra3+ 45. Kg4 Rxh2 46. Rc6+ Kd4
47. f6 Rg2+ 48. Kf5 Rf3+ 49. Ke6 Rg5 50. Rb6 Re5+ 51. Kf7 h5 52. Rxb5 h4 53.
Rb4+ Kc5 54. Rb8 h3 55. Rh8 Rg3 56. Rh6 Kd4 57. Kf8 Ke3 58. f7 Kf2 59. Be6 Rxe4
60. Bxh3 Rf4 61. Ke7 Rgf3 62. Be6 Ke2 63. Rh5 Ke3 64. Rd5 Ke4 65. Rd7 Ke3 66.
Ra7 Rf6 67. Kd6 Kd2 68. Ke5 Kc1 69. Rd7 Kb2 70. Rc7 Rf2 71. Ra7 R2f3 72. Bd5
R3f4 73. Be6 Kc1 74. Rc7+ Kd2 75. Kd5 Kd3 76. Kd6 Re4 77. Re7 Rexe6+ 78. Rxe6
Rxf7 1/2-1/2

[Event "N1 Reykjavik Open 2014"]
[Site "Reykjavik ISL"]
[Date "2014.03.12"]
[Round "10.29"]
[White "Karavade, Eesha"]
[Black "Dolzhikova, Olga"]
[Result "1-0"]
[WhiteTitle "IM"]
[BlackTitle "WGM"]
[WhiteElo "2408"]
[BlackElo "2212"]
[WhiteFideId "5012600"]
[BlackFideId "14105870"]
[EventDate "2014.03.04"]

1. d4 Nf6 2. c4 e6 3. Nc3 Bb4 4. e3 O-O 5. Nf3 b6 6. Bd3 Bb7 7. O-O Bxc3 8. bxc3
Ne4 9. Qc2 f5 10. Nd2 Nxd2 11. Bxd2 d6 12. e4 g6 13. Rae1 Nd7 14. c5 f4 15. Qb3
Qe7 16. Bc4 Rae8 17. cxd6 cxd6 18. f3 Kg7 19. Bc1 e5 20. Ba3 Rd8 21. Rd1 Rf6 22.
Bb5 Nb8 23. dxe5 Qxe5 24. c4 a6 25. Bb2 Qe6 26. Ba4 Bc6 27. Qxb6 Bxa4 28. Qxd8
Bxd1 29. Rxd1 Nd7 30. Bxf6+ Nxf6 31. Qxd6 Qxc4 32. Qe7+ 1-0

[Event "N1 Reykjavik Open 2014"]
[Site "Reykjavik ISL"]
[Date "2014.03.12"]
[Round "10.30"]
[White "Langer, Michael"]
[Black "Soors, Stef"]
[Result "0-1"]
[WhiteTitle "FM"]
[BlackTitle "IM"]
[WhiteElo "2248"]
[BlackElo "2394"]
[WhiteFideId "2015064"]
[BlackFideId "209511"]
[EventDate "2014.03.04"]

1. e4 c6 2. c4 d5 3. exd5 cxd5 4. cxd5 Nf6 5. Qa4+ Nbd7 6. Nc3 g6 7. Nf3 Bg7 8.
Bc4 O-O 9. d3 a6 10. Qa3 b6 11. O-O Bb7 12. Re1 Re8 13. Bd2 b5 14. Bb3 Nb6 15.
Ne4 Bxd5 16. Ba5 Qb8 17. Bxb6 Bxe4 18. dxe4 Qxb6 19. e5 Ng4 20. Re2 e6 21. Qb4
Nh6 22. a4 Red8 23. a5 Qa7 24. Rd2 Nf5 25. Rad1 Qc7 26. g4 Rxd2 27. Rxd2 Ne7 28.
Qf4 Nc6 29. Rc2 Qd7 30. Rd2 Qe7 31. Qe4 Rc8 32. Rc2 Qe8 33. Qe1 Rd8 34. Qc3 Ne7
35. Qc7 h6 36. Qb7 g5 37. Rc7 Ng6 38. Qe4 Rc8 39. Qb7 Rxc7 40. Qxc7 Qa8 41. Bd1
Qe4 42. Qd8+ Bf8 43. Nd2 Qxe5 44. Bc2 Nf4 45. Ne4 Kg7 46. h4 gxh4 47. Qxh4 Ng6
48. Qh5 Qxb2 49. g5 hxg5 50. Qxg5 Qxc2 51. Qf6+ Kg8 52. f3 Qc1+ 0-1

[Event "N1 Reykjavik Open 2014"]
[Site "Reykjavik ISL"]
[Date "2014.03.12"]
[Round "10.31"]
[White "Cawdery, Daniel"]
[Black "Barthel, Ansgar"]
[Result "1-0"]
[WhiteTitle "FM"]
[WhiteElo "2362"]
[BlackElo "2229"]
[WhiteFideId "14300249"]
[BlackFideId "4643461"]
[EventDate "2014.03.04"]

1. e4 d6 2. d4 Nf6 3. Nc3 c6 4. f4 Qa5 5. e5 Ne4 6. Bd3 Nxc3 7. Qd2 c5 8. bxc3
d5 9. Nf3 Bg4 10. O-O c4 11. Be2 e6 12. Rb1 b6 13. f5 Bxf5 14. Nh4 Be7 15. Nxf5
exf5 16. Rxf5 O-O 17. a3 Na6 18. Bg4 Nc7 19. Rf3 Bxa3 20. Bf5 Rfe8 21. Rh3 h6
22. Ra1 Bxc1 23. Qxc1 Qb5 24. Rxh6 Ne6 25. Bh7+ Kh8 26. Rh4 Nf8 27. Qf4 Nxh7 28.
Qf5 Kg8 29. Qxh7+ Kf8 30. Rf1 Qc6 31. Qh8+ Ke7 32. Qxg7 Qg6 33. Qxg6 fxg6 34.
Rh7+ Kd8 35. Rff7 a5 36. Rc7 Rg8 37. Rcd7+ Kc8 38. e6 a4 39. Rdg7 Re8 40. Rc7+
Kb8 41. Rb7+ Kc8 42. Rhc7+ 1-0

[Event "N1 Reykjavik Open 2014"]
[Site "Reykjavik ISL"]
[Date "2014.03.12"]
[Round "10.32"]
[White "Gullaksen, Eirik"]
[Black "Haldorsen, Benjamin"]
[Result "1-0"]
[WhiteTitle "IM"]
[WhiteElo "2359"]
[BlackElo "1994"]
[WhiteFideId "1500945"]
[BlackFideId "1512633"]
[EventDate "2014.03.04"]

1. e4 e5 2. Nf3 Nc6 3. Bb5 a6 4. Ba4 Nf6 5. O-O Nxe4 6. d4 b5 7. Bb3 d5 8. dxe5
Be6 9. c3 Bc5 10. Qd3 Bb6 11. Be3 Bxe3 12. Qxe3 Na5 13. Nbd2 Nxb3 14. axb3 O-O
15. b4 a5 16. bxa5 c5 17. Nxe4 dxe4 18. Qxe4 Rxa5 19. Rxa5 Qxa5 20. Ng5 g6 21.
Qh4 h5 22. Nxe6 fxe6 23. Qg5 Kg7 24. Qe7+ Rf7 25. Qxc5 Qa4 26. b4 Qc2 27. h3 Qe2
28. Qd4 Rf5 29. Qd7+ Kh6 30. Qxe6 Rxe5 31. Qg8 Re8 32. Qf7 Ra8 33. h4 Ra2 34.
Qg8 Ra7 35. Qh8+ Rh7 36. Qf8+ Rg7 37. Ra1 Qc4 38. Ra7 1-0

[Event "N1 Reykjavik Open 2014"]
[Site "Reykjavik ISL"]
[Date "2014.03.12"]
[Round "10.33"]
[White "Kazmaier, Daniel"]
[Black "Vojinovic, Jovana"]
[Result "1-0"]
[BlackTitle "WGM"]
[WhiteElo "2187"]
[BlackElo "2323"]
[WhiteFideId "2606089"]
[BlackFideId "937266"]
[EventDate "2014.03.04"]

1. d4 e6 2. e4 d5 3. Nc3 Nf6 4. Bg5 Be7 5. e5 Nfd7 6. h4 h6 7. Bxe7 Qxe7 8. Nge2
Nc6 9. Qd2 Nb6 10. Nc1 Bd7 11. Nb3 O-O-O 12. f4 f6 13. O-O-O Be8 14. h5 Nc4 15.
Qf2 Rf8 16. exf6 Qxf6 17. g3 Nd6 18. Be2 Bf7 19. Bf3 Bg8 20. Rhe1 b6 21. Qf1 a5
22. Qa6+ Kd7 23. Na4 Ra8 24. Nxb6+ cxb6 25. Qxb6 Rfc8 26. Bxd5 Qd8 27. Bxc6+
Rxc6 28. Nc5+ Rxc5 29. Qxd8+ 1-0

[Event "N1 Reykjavik Open 2014"]
[Site "Reykjavik ISL"]
[Date "2014.03.12"]
[Round "10.34"]
[White "Bongartz, Philipp"]
[Black "Bekker-Jensen, David"]
[Result "1-0"]
[BlackTitle "FM"]
[WhiteElo "2143"]
[BlackElo "2299"]
[WhiteFideId "24610623"]
[BlackFideId "1403095"]
[EventDate "2014.03.04"]

1. e4 e5 2. f4 d5 3. exd5 c6 4. Nc3 exf4 5. Bc4 Qh4+ 6. Kf1 f3 7. d3 fxg2+ 8.
Kxg2 Bg4 9. Qf1 Nf6 10. Bf4 Bb4 11. Bg3 Qh5 12. Re1+ Kf8 13. Qf4 Nbd7 14. h3 Bf5
15. dxc6 bxc6 16. Nf3 h6 17. Nd4 Bg6 18. Nxc6 Bxc3 19. bxc3 Kg8 20. Ne7+ Kh7 21.
Nxg6 Qxg6 22. Re7 Nh5 23. Qf3 Nxg3 24. Bxf7 Qg5 25. Qxg3 Qd2+ 26. Kf3 Rhd8 27.
Rg1 Qxc3 28. Qf4 Kh8 29. Rg6 Nf8 30. Rg2 Nh7 31. Qe5 Qxe5 32. Rxe5 Rf8 33. Rf5
Ng5+ 34. Rgxg5 hxg5 35. Ke4 g6 36. Bxg6 Kg7 37. Rxg5 Kf6 38. Rg4 Rac8 39. c4
Rcd8 40. h4 Rd6 41. h5 Rfd8 42. Ke3 Re6+ 43. Kd2 Ra6 44. Kc3 Rxa2 45. c5 Rh2 46.
Ra4 Rd7 47. Re4 Rc7 48. d4 a5 49. Kc4 a4 50. Rf4+ Kg5 51. Rf3 Rh4 52. Be8 Ra7
53. Ra3 Kf6 54. Bxa4 Rxh5 55. Rf3+ Rf5 56. Ra3 Rf4 57. c6 Ke7 58. Kc5 Rf5+ 59.
Kb6 Rfa5 60. Re3+ Kd6 61. Bb5 Ra1 62. Rh3 Rg7 63. c7 Rxc7 64. Rh6+ Kd5 65. Kxc7
Kxd4 66. Kd6 Re1 67. Bc6 Rg1 68. Rh4+ Ke3 69. Be4 Rg8 70. Bf5 Ra8 71. Be6 Ra7
72. Ke5 Re7 73. Rh3+ Kd2 74. Kd5 Ra7 75. Kd4 Re7 76. Rh2+ Kc1 77. Kc3 Rc7+ 78.
Bc4 Rd7 79. Rg2 Rd8 80. Rg7 Rd6 81. Re7 Rd8 82. Be6 Rd6 83. Bd7 Rd5 84. Bb5 Kb1
85. Re1+ 1-0

[Event "N1 Reykjavik Open 2014"]
[Site "Reykjavik ISL"]
[Date "2014.03.12"]
[Round "10.35"]
[White "Karlsson, Mikael Johann"]
[Black "Prosviriakov, Vladimir"]
[Result "0-1"]
[BlackTitle "IM"]
[WhiteElo "2051"]
[BlackElo "2269"]
[WhiteFideId "2305194"]
[BlackFideId "2004860"]
[EventDate "2014.03.04"]

1. c4 e5 2. g3 d6 3. Bg2 f5 4. Nc3 Nf6 5. d3 Be7 6. e4 c6 7. Nge2 Na6 8. O-O O-O
9. Rb1 Qe8 10. f4 fxe4 11. Nxe4 Nxe4 12. dxe4 exf4 13. Bxf4 Qg6 14. Qd2 Nc5 15.
Nc3 Bg4 16. h3 Be6 17. Bxd6 Rfd8 18. e5 Qxg3 19. b4 Bxd6 20. exd6 Rxd6 21. Qc2
Rad8 22. Rf2 Qe3 23. Nd1 Qd3 24. Qxd3 Nxd3 25. Rd2 Bxc4 26. Ne3 Be6 27. b5 cxb5
28. Rxb5 b6 29. Nf5 Bxf5 30. Rxf5 g6 31. Rf1 Nc5 32. Re2 Rd1 33. Re7 Rxf1+ 34.
Bxf1 Rd7 35. Bc4+ Kf8 36. Re3 Kg7 37. Kg2 Kf6 38. Kg3 Rd4 39. Rf3+ Ke5 40. Bg8
Ne4+ 41. Kg2 Rd2+ 42. Kg1 Ng5 43. Ra3 Kf4 44. Ra4+ Kf5 45. h4 Nf3+ 46. Kf1 b5
47. Rb4 a5 48. Rxb5+ Kf4 49. Bd5 Kg3 50. Bxf3 Kxf3 51. Rb3+ Kg4 52. Ra3 Kxh4 53.
Rxa5 g5 54. a4 g4 55. Rb5 Ra2 56. a5 g3 57. Kg1 h5 0-1

[Event "N1 Reykjavik Open 2014"]
[Site "Reykjavik ISL"]
[Date "2014.03.12"]
[Round "10.36"]
[White "Thorfinnsson, Bjorn"]
[Black "Gueler, Sebastian"]
[Result "1-0"]
[WhiteTitle "IM"]
[WhiteElo "2389"]
[BlackElo "2208"]
[WhiteFideId "2300982"]
[BlackFideId "4618939"]
[EventDate "2014.03.04"]

1. e4 e6 2. d4 d5 3. Nc3 Bb4 4. exd5 exd5 5. Nf3 Ne7 6. Bd3 Bf5 7. O-O O-O 8.
Re1 c6 9. Rxe7 Bxd3 10. Rxb7 Bxc3 11. Qxd3 Ba5 12. Bf4 Nd7 13. Ng5 g6 14. Nxh7 1-0

[Event "N1 Reykjavik Open 2014"]
[Site "Reykjavik ISL"]
[Date "2014.03.12"]
[Round "10.37"]
[White "Thorsteinsson, Arnar"]
[Black "Bjornsson, Sigurbjorn"]
[Result "0-1"]
[BlackTitle "FM"]
[WhiteElo "2205"]
[BlackElo "2360"]
[WhiteFideId "2300524"]
[BlackFideId "2300974"]
[EventDate "2014.03.04"]

1. e4 c5 2. Nf3 d6 3. d4 cxd4 4. Nxd4 Nf6 5. Nc3 g6 6. Be3 Bg7 7. h3 O-O 8. Bc4
Nc6 9. Bb3 Bd7 10. O-O Rc8 11. Qd2 Ne5 12. Rad1 Nc4 13. Bxc4 Rxc4 14. f3 a6 15.
Nb3 Qc7 16. Bd4 Be6 17. Rfe1 b5 18. Re2 b4 19. Nd5 Bxd5 20. exd5 Rc8 21. c3 bxc3
22. Bxc3 Nh5 23. Bxg7 Nxg7 24. g4 e5 25. dxe6 Nxe6 26. Qe1 Nf4 27. Re8+ Rxe8 28.
Qxe8+ Kg7 29. Qe3 Nxh3+ 30. Kf1 Nf4 31. Rd4 Ne6 32. Rxc4 Qxc4+ 33. Kf2 Nc5 34.
Qd4+ Qxd4+ 35. Nxd4 Nd3+ 36. Ke3 Nxb2 37. Ke4 Na4 38. a3 Nc3+ 39. Kd3 Nb5 40.
Nc2 Kf6 41. a4 Nc7 42. Ke4 h5 43. gxh5 gxh5 44. Ne3 Ke6 45. f4 f5+ 46. Kd4 h4
47. Nd1 Nd5 48. Kc4 h3 49. Nf2 h2 50. Nh1 Nxf4 51. Kb4 Nd3+ 0-1

[Event "N1 Reykjavik Open 2014"]
[Site "Reykjavik ISL"]
[Date "2014.03.12"]
[Round "10.38"]
[White "Devereaux, Maxim L"]
[Black "Rydstrom, Tom"]
[Result "1-0"]
[WhiteTitle "IM"]
[WhiteElo "2345"]
[BlackElo "2198"]
[WhiteFideId "408280"]
[BlackFideId "1714830"]
[EventDate "2014.03.04"]

1. e4 e5 2. Nf3 Nc6 3. Bc4 Bc5 4. b4 Bxb4 5. c3 Bd6 6. O-O Nf6 7. Re1 O-O 8. d4
h6 9. Nbd2 Re8 10. Bb3 Bf8 11. Nxe5 Nxe5 12. dxe5 Rxe5 13. Nf3 Ra5 14. e5 Ne8
15. Qd3 d5 16. Bc2 g6 17. e6 Qf6 18. exf7+ Qxf7 19. Ne5 Bf5 20. Qg3 Qf6 21. Bxf5
Qxf5 22. Nxg6 Kh7 23. Ne7 Qf7 24. Qd3+ Kh8 25. Ng6+ Kg8 26. Nxf8 Qxf8 27. Re6
Ng7 28. Bxh6 Qf5 29. Qg3 1-0

[Event "N1 Reykjavik Open 2014"]
[Site "Reykjavik ISL"]
[Date "2014.03.12"]
[Round "10.39"]
[White "Sahl, Sheila Barth"]
[Black "Bisby, Daniel L"]
[Result "1-0"]
[WhiteTitle "WIM"]
[BlackTitle "FM"]
[WhiteElo "2196"]
[BlackElo "2314"]
[WhiteFideId "1500953"]
[BlackFideId "404586"]
[EventDate "2014.03.04"]

1. e4 d6 2. d4 g6 3. Nc3 Bg7 4. f4 Nf6 5. Nf3 O-O 6. Bd3 Nc6 7. O-O e5 8. dxe5
dxe5 9. f5 gxf5 10. exf5 Nb4 11. Kh1 Nxd3 12. cxd3 Re8 13. Ng5 e4 14. Ngxe4 Nxe4
15. Nxe4 Bxf5 16. Rxf5 Rxe4 17. Bg5 Re7 18. Bxe7 Qxe7 19. Qb3 c6 20. Raf1 Rf8
21. h3 a5 22. a4 Qb4 23. Qd1 Qxb2 24. Rxa5 b5 25. axb5 cxb5 26. Qb1 b4 27. Rb5
Qxb1 28. Rxb1 Bc3 29. R5xb4 Bxb4 30. Rxb4 Ra8 31. Kh2 Ra3 32. Rd4 Kg7 33. Kg3
Kf6 34. Kf4 Ra2 35. g3 Rd2 36. Ke3 Rd1 37. Rf4+ Kg6 38. Ke4 h5 39. h4 f5+ 40.
Ke3 Re1+ 41. Kd4 Kf6 42. Rf3 Ra1 43. Re3 Ra4+ 44. Kd5 Ra5+ 45. Kc4 Ra4+ 46. Kc5
Rg4 47. d4 Re4 48. Rf3 Ke6 49. d5+ Ke5 50. Rd3 Re1 51. d6 Rc1+ 52. Kb6 Rb1+ 53.
Kc7 Rc1+ 54. Kd8 Ke4 55. Ra3 f4 56. gxf4 Kxf4 57. d7 Rc4 58. Rd3 Kg4 59. Ke8 1-0

[Event "N1 Reykjavik Open 2014"]
[Site "Reykjavik ISL"]
[Date "2014.03.12"]
[Round "10.40"]
[White "Gislason, Gudmundur"]
[Black "Bjerke, Richard"]
[Result "1-0"]
[WhiteTitle "FM"]
[BlackTitle "FM"]
[WhiteElo "2314"]
[BlackElo "2162"]
[WhiteFideId "2300559"]
[BlackFideId "1500252"]
[EventDate "2014.03.04"]

1. Nf3 Nf6 2. c4 e6 3. g3 b6 4. Bg2 Bb7 5. O-O Be7 6. b3 O-O 7. Bb2 c5 8. d3 d6
9. e4 Nc6 10. Qe2 Nd7 11. Rd1 Qc7 12. Nc3 a6 13. d4 cxd4 14. Nxd4 Rad8 15. Nxc6
Bxc6 16. Nd5 Bxd5 17. cxd5 Nc5 18. Rac1 a5 19. a3 Qd7 20. Bh3 f5 21. exf5 exf5
22. b4 axb4 23. axb4 Na4 24. Ba1 Bg5 25. Rc6 Rfe8 26. Qc2 Nc5 27. bxc5 bxc5 28.
Bc3 1-0

[Event "N1 Reykjavik Open 2014"]
[Site "Reykjavik ISL"]
[Date "2014.03.12"]
[Round "10.41"]
[White "Hauge, Lars Oskar"]
[Black "Schou-Moldt, Thomas"]
[Result "1-0"]
[WhiteTitle "FM"]
[WhiteElo "2308"]
[BlackElo "2191"]
[WhiteFideId "1509276"]
[BlackFideId "1401297"]
[EventDate "2014.03.04"]

1. e4 d6 2. d4 Nf6 3. Nc3 g6 4. f4 Bg7 5. Bd3 O-O 6. Nf3 Nc6 7. e5 dxe5 8. fxe5
Nh5 9. Be3 Bg4 10. Be2 f6 11. exf6 exf6 12. O-O f5 13. d5 Qe7 14. Bf2 Rad8 15.
h3 Bxf3 16. Bxf3 Nf6 17. Re1 Qb4 18. Qd3 Ne8 19. Rab1 Ne5 20. Qe2 Nd6 21. Bg3
Rde8 22. a3 Qd4+ 23. Kh1 Nxf3 24. Qxf3 Qd2 25. Re2 Rxe2 26. Qxe2 Ne4 27. Qxd2
Nxd2 28. Re1 f4 29. Bf2 Bxc3 30. bxc3 b6 31. Re6 Rd8 32. Re7 Rxd5 33. Rxc7 Ne4
34. Bd4 Ng3+ 35. Kh2 Ra5 36. Rg7+ Kf8 37. Rxh7 Rb5 38. h4 1-0

[Event "N1 Reykjavik Open 2014"]
[Site "Reykjavik ISL"]
[Date "2014.03.12"]
[Round "10.42"]
[White "Ekeberg, Carl Fredrik"]
[Black "Bjornsson, Bjorn Freyr"]
[Result "1/2-1/2"]
[WhiteTitle "FM"]
[WhiteElo "2303"]
[BlackElo "2158"]
[WhiteFideId "1502654"]
[BlackFideId "2300834"]
[EventDate "2014.03.04"]

1. Nf3 Nf6 2. c4 g6 3. Nc3 Bg7 4. e4 d6 5. d4 O-O 6. Be2 Nc6 7. d5 Nb8 8. O-O c5
9. h3 Na6 10. Bf4 Nc7 11. Qd2 a6 12. a4 Bd7 13. e5 1/2-1/2